00794 2200241 4500001002100000005001700021008004100038035002400079082000800103090001500111100001900126245015700145260005400302300002500356500004300381500003000424650003600454700002300490850000900513985000600522986000900528999001500537YOGYA-0209000007237820090227093623.0 ind  0010-020900000072378 a352 a352bThe P aTHE, LIANG GIE aPertumbuhan Pemerintahan Propinsi Irian Barat dan kemungkinan-kemungkinan perkembangan otonominja di hari kemudiancoleh the Liang gie, F Sugeng Istanto aYogyakartabFakultas Sosial dan Politik UGMc1968 a....jilbilusc23 cm aYang diterima jil 1,2(dalam satu buku) aBibliografi ; hlm 112-114 apemerintahan Daerah-Irian barat aIstanto, F. Sugeng aBPAD a1 anova a08A0036280